<?xml version="1.0" encoding="UTF-8"?>
<record
    xmlns:xsi="http://www.w3.org/2001/XMLSchema-instance"
    xsi:schemaLocation="http://www.loc.gov/MARC21/slim http://www.loc.gov/standards/marcxml/schema/MARC21slim.xsd"
    xmlns="http://www.loc.gov/MARC21/slim">

  <leader>01068nam a22002777a 4500</leader>
  <controlfield tag="005">20140312122525.0</controlfield>
  <controlfield tag="008">100120s1993    ec ab  gr     00010 spa d</controlfield>
  <datafield tag="020" ind1=" " ind2=" ">
    <subfield code="a">9978990305</subfield>
  </datafield>
  <datafield tag="041" ind1=" " ind2=" ">
    <subfield code="a">spa</subfield>
  </datafield>
  <datafield tag="044" ind1=" " ind2=" ">
    <subfield code="a">ec</subfield>
  </datafield>
  <datafield tag="082" ind1="0" ind2="4">
    <subfield code="a">338.2728</subfield>
    <subfield code="b">K49c</subfield>
  </datafield>
  <datafield tag="100" ind1="1" ind2=" ">
    <subfield code="a">Kimerling, Judith.</subfield>
    <subfield code="9">20751</subfield>
  </datafield>
  <datafield tag="245" ind1="1" ind2="0">
    <subfield code="a">Crudo amaz&#xF3;nico / </subfield>
    <subfield code="c"> traducci&#xF3;n Rodney Youman y Ra&#xFA;l Pardo ; revisi&#xF3;n Sim&#xF3;n Espinoza y Consuelo Fern&#xE1;ndez S.</subfield>
  </datafield>
  <datafield tag="260" ind1="3" ind2=" ">
    <subfield code="a">Quito </subfield>
    <subfield code="b">Abya-Yala</subfield>
    <subfield code="c">1993</subfield>
  </datafield>
  <datafield tag="300" ind1=" " ind2=" ">
    <subfield code="a">viii, 152 p. : </subfield>
    <subfield code="b">il., mapas. ; </subfield>
    <subfield code="c">24 cm.</subfield>
  </datafield>
  <datafield tag="504" ind1=" " ind2=" ">
    <subfield code="a">Incluye bibliograf&#xED;a.</subfield>
  </datafield>
  <datafield tag="650" ind1=" " ind2="6">
    <subfield code="a">Residuos del petr&#xF3;leo</subfield>
    <subfield code="x"> Aspectos ambientales</subfield>
    <subfield code="z"> Amazonas (Ecuador)</subfield>
    <subfield code="9">20760</subfield>
  </datafield>
  <datafield tag="650" ind1=" " ind2="6">
    <subfield code="a">Industria del petr&#xF3;leo</subfield>
    <subfield code="x"> Aspectos ambientales</subfield>
    <subfield code="z"> Amazonas (Ecuador)</subfield>
    <subfield code="9">20761</subfield>
  </datafield>
  <datafield tag="650" ind1=" " ind2=" ">
    <subfield code="a">Ecolog&#xED;a humana</subfield>
    <subfield code="z"> Amazonas (Ecuador)</subfield>
    <subfield code="9">20762</subfield>
  </datafield>
  <datafield tag="650" ind1=" " ind2="6">
    <subfield code="a">Ind&#xED;genas de Ecuador</subfield>
    <subfield code="x"> Condiciones sociales.</subfield>
    <subfield code="9">20763</subfield>
  </datafield>
  <datafield tag="700" ind1="1" ind2=" ">
    <subfield code="a">Youman, Rodney, </subfield>
    <subfield code="e">tr.</subfield>
    <subfield code="9">20756</subfield>
  </datafield>
  <datafield tag="700" ind1="1" ind2=" ">
    <subfield code="a">Pardo, Ra&#xFA;l, </subfield>
    <subfield code="e">tr.</subfield>
    <subfield code="9">20757</subfield>
  </datafield>
  <datafield tag="700" ind1="1" ind2=" ">
    <subfield code="a">Espinoza, Sim&#xF3;n, </subfield>
    <subfield code="e">rev.</subfield>
    <subfield code="9">20758</subfield>
  </datafield>
  <datafield tag="700" ind1="1" ind2=" ">
    <subfield code="a">Fern&#xE1;ndez, Consuelo, </subfield>
    <subfield code="e">rev.</subfield>
    <subfield code="9">20759</subfield>
  </datafield>
  <datafield tag="942" ind1=" " ind2=" ">
    <subfield code="2">ddc</subfield>
    <subfield code="c">Impreso</subfield>
  </datafield>
  <datafield tag="999" ind1=" " ind2=" ">
    <subfield code="c">8287</subfield>
    <subfield code="d">8287</subfield>
  </datafield>
  <datafield tag="952" ind1=" " ind2=" ">
    <subfield code="0">0</subfield>
    <subfield code="1">0</subfield>
    <subfield code="2">ddc</subfield>
    <subfield code="4">0</subfield>
    <subfield code="7">0</subfield>
    <subfield code="8">GENERAL</subfield>
    <subfield code="I">INV2017</subfield>
    <subfield code="a">Bogota</subfield>
    <subfield code="b">Bogota</subfield>
    <subfield code="d">2014-03-12</subfield>
    <subfield code="e">Instituto</subfield>
    <subfield code="g">39000.00</subfield>
    <subfield code="l">0</subfield>
    <subfield code="o">LB-338.2728 K49c</subfield>
    <subfield code="p">059980</subfield>
    <subfield code="r">2014-03-12 00:00:00</subfield>
    <subfield code="t">Ej. 1</subfield>
    <subfield code="w">2014-03-12</subfield>
    <subfield code="x">Donaci&#xF3;n</subfield>
    <subfield code="y">LIBRO</subfield>
  </datafield>
</record>
